Logo BPK

Biblioteka

Politechniki Koszalińskiej

To rzekł Zaratustra : (Rekord nr 55706)

Szczegóły MARC
000 -ETYKIETA REKORDU
podpole kontrolne o stałej długości 01197nam a2200313 i 4500
001 - NUMER KONTROLNY REKORDU
pole kontrolne bg
020 ## - MIĘDZYNARODOWY ZNORMALIZOWANY NUMER KSIĄŻKI - ISBN
ISBN 8498191645 (całość)
020 ## - MIĘDZYNARODOWY ZNORMALIZOWANY NUMER KSIĄŻKI - ISBN
ISBN 8498191904
040 ## - ŹRÓDŁO KATALOGOWANIA
Instytucja, która utworzyła rekord BPK
041 1# - KOD JĘZYKA
Kod języka tekstu pol
Kod języka oryginału ger
044 ## - KOD KRAJU WYDAWCY/PRODUCENTA
Kod kraju wydawcy/producenta POL
080 ## - UNIWERSALNA KLASYFIKACJA DZIESIĘTNA - UKD
UKD 1
920 ## - Międzynarodowy znormalizowany numer książki – ISBN
ISBN 84-9819-164-5 (całość)
920 ## - Międzynarodowy znormalizowany numer książki – ISBN
ISBN 84-9819-190-4
008 - POLE O STAŁEJ DŁUGOŚCI - DANE KONTROLNE
podpole kontrolne o stałej długości s pl f |000 0 pol
100 1# - NAZWA OSOBOWA
Nazwa osobowa Nietzsche, Friedrich
Daty związane z nazwą (1844-1900).
245 10 - TYTUŁ/ODPOWIEDZIALNOŚĆ
Tytuł To rzekł Zaratustra :
Ciąg dalszy tytułu książka dla wszystkich i dla nikogo /
Pozostałe elementy strefy tytułu i oznaczenia odpowiedzialności Friedrich Nietzsche ; przeł. Sława Lisiecka i Zdzisław Jaskuła.
246 1# - WARIANT TYTUŁU
Treść wyrażenia wprowadzającego Tyt. oryg.:
Tytuł Also sprach Zarathustra
260 ## - STREFA ADRESU WYDAWNICZEGO
Miejsce wydania [s.l.] :
Nazwa wydawcy/dystrybutora Mediasat Group,
Data publikacji, dystrybucji/powstania dokumentu 2005.
300 ## - STREFA OPISU FIZYCZNEGO
Objętość 318, [1] s. ;
Rozmiary 21 cm.
490 1# - STREFA SERII I DOKUMENTU WIELOCZĘŚCIOWEGO - FORMA NIE DO WYSZUKIWANIA
Tytuł i oznaczenie odpowiedzialności serii Biblioteka Gazety Wyborczej : XIX wiek ;
Numeracja w obrębie serii 19
500 ## - UWAGI OGÓLNE
Tekst uwagi Tyt. oryg.: "Also sprach Zarathustra : ein Buch für Alle und Keinen". - Przekł. na podst.: Sämtliche Werke, 1980.
500 ## - UWAGI OGÓLNE
Tekst uwagi Wyd. we współpr. merytorycznej z Zakładem Narodowym im. Ossolińskich - Wydawnictwo, Wrocław.
650 #9 - HASŁO PRZEDMIOTOWE W FORMIE NAZWY OGÓLNEJ LUB JEDNOSTKOWEJ
Nazwa ogólna lub geograficzna Filozofia
Określnik chronologiczny 19 w.
700 1# - HASŁO DODATKOWE - NAZWA OSOBOWA
Nazwa osobowa Lisiecka, Sława
Daty związane z nazwą (1947- ).
Określenie związku między hasłem a opisywanym materiałem Tł.
700 1# - HASŁO DODATKOWE - NAZWA OSOBOWA
Nazwa osobowa Jaskuła, Zdzisław
Daty związane z nazwą (1951- ).
Określenie związku między hasłem a opisywanym materiałem Tł.
830 #0 - HASŁO DODATKOWE SERII LUB DOKUMENTU WIELOCZĘŚCIOWEGO - TYTUŁ UJEDNOLICONY
Tytuł ujednolicony Biblioteka Gazety Wyborczej ;
Oznaczenie tomu 19
856 ## - LOKALIZACJA I DOSTĘP DO ELEKTRONICZNYCH DOKUMENTÓW ZDALNYCH
Link (URL) http://koha.tu.koszalin.pl/cgi-bin/koha/opac-detail.pl?biblionumber=55706
Tekst linku Katalog online BPK
942 ## - DODATKOWE ELEMENTY (KOHA)
Typ dokumentu Książka
Egzemplarze
Wycofany Status egzemplarza Uszkodzony Dostępność Lokalizacja stała Lokalizacja bieżąca Miejsce przechowywania Sygnatura Kod kreskowy Typ dokumentu
      Dostępny Biblioteka Politechniki Koszalińskiej Biblioteka Politechniki Koszalińskiej Wypożyczalnia BG 89104 02441696 Książka
© 2023 Biblioteka Politechniki Koszalińskiej :: KOHA